Les vingt municipalités les plus populeuses en Estrie - Statistiques

Statistiques générales
  • Ce quiz a été pris 154 fois
  • Le résultat moyen est 10 sur 20
Statistiques - réponses
Population Villes et municipalités % Correct
152 027 Sherbrooke
99%
25 126 Magog
91%
9 138 Coaticook
67%
5 372 Windsor
57%
6 147 Lac-Mégantic
51%
3 122 Orford
51%
3 373 Richmond
51%
3 089 Saint-Denis-de-Brompton
49%
5 502 Cookshire-Eaton
46%
2 079 Saint-François-Xavier-de-Brompton
46%
2 951 Compton
45%
2 337 Valcourt
45%
2 902 Stanstead
43%
3 518 East Angus
42%
6 905 Asbestos
41%
2 489 Sainte-Catherine-de-Hatley
41%
2 758 Ascot Corner
38%
2 767 Stoke
37%
4 071 Danville
36%
2 754 Weedon
32%
Aucun quiz correspondant
Distribution des résultats
% des personnes avec chaque résultat
Percentile par nombre de réponses
Votre historique - résultats
Vous n’avez pas pris ce quiz